No puede haber democracia política, verdadera y estable, sin justicia social /

Guardat en:
Dades bibliogràfiques
Autor principal: Obando y Bravo, Cardenal Miguel
Format: Text
Etiquetes: Afegir etiqueta
Sense etiquetes, Sigues el primer a etiquetar aquest registre!

MARC

LEADER 00000 a a2200000 04500
001 47855
003
040
100 |a Obando y Bravo, Cardenal Miguel  
245 |a No puede haber democracia política, verdadera y estable, sin justicia social /  |c Cardenal Miguel Obando y Bravo  
773 |g número28, (octubre-diciembre, 1992), páginas 63-67  
999 |c 37099  |d 37099